LEADER 01522nam a2200349 a 4500 001 000000131510 003 CaOOAMICUS 005 20121122094557.0 008 121122s2008 it d u000 u ita r 020 $a978-88-88758-44-2 040 $aPUL$bita 082 04$a227 100 1 $aOrlando, Luigi,$csac.$0(OLS)http://pul/name/84590 245 13$aLa Lettera di Giacomo. La Seconda Lettera di Pietro. La Lettera di Giuda /$cLuigi Orlando. 246 30$aLa Seconda Lettera di Pietro 246 30$aLa Lettera di Giuda 260 $aBari :$bEcumenica Editrice,$c©2008. 300 $a191 p. :$bgrafici ;$c24 cm. 490 1 $aAnalecta Nicolaiana ;$v07 504 $aBibliografia p. 155-176. 630 04$aBiblia.$pN.T.$pEpistolae catholicae$xCommenti.$0(OLS)http://pul/subject/2799 830 0$aAnalecta Nicolaiana ;$v07.$0(OLS)http://pul/title/154594 850 $aPUL 852 $aPUL$W1$xSL Religione 3$y85$m227 ORLLU 1$j151782$qDDC 21$B150720$CPULBib$Z2$F150720 $H121142 $82 941 1 $a9 996 $6020$a978-88-88758-44-2$9(OLS)http://pul/number/151137 996 $6082$a227$9(OLS)http://pul/classification/522 996 $6246$aLa Lettera di Giuda$9(OLS)http://pul/title/166130 996 $6245$aLa Lettera di Giacomo. La Seconda Lettera di Pietro. La Lettera di Giuda$9(OLS)http://pul/title/166128 996 $6246$aLa Seconda Lettera di Pietro$9(OLS)http://pul/title/166129 996 $6260$aBari :$bEcumenica Editrice$9(OLS)http://pul/publisher/63263 LEADER 01424nam a2200325 a 4500 001 000000165661 003 CaOOAMICUS 005 20180202125252.0 008 180202s2015 it u000 u ita r 020 $z978-88-10-21529-6* 032 $aLibriCat 040 $aPUL$bita 082 04$a701 245 00$aArte e spiritualitą :$bun'antologia su percorsi di fede e creazione artistica /$ca cura di Natale Benazzi ; introduzione di Ferruccio Parazzoli. 260 $aBologna :$bEDB,$c©2015. 300 $a585 p. ;$c19 cm. 490 1 $aEconomica EDB ;$v30 504 $aBibliografia in nota a pie' pagina. 650 4$aSpiritualitą$xArte.$0(OLS)http://pul/subject/36634 700 1 $aBenazzi, Natale.$0(OLS)http://pul/name/35951 700 1 $aParazzoli, Ferruccio,$d1935-$0(OLS)http://pul/name/87426 830 0$aEconomica EDB ;$v30.$0(OLS)http://pul/title/141249 850 $aPUL 852 $aPUL$W1$xSL Cons. Gen., Altre Classi 3$y75$m701 BENNA 1$j189986$qDDC 21$B193007$CPULBib$Z2$F193007 $H130317 $81 941 1 $a9 996 $6020$z978-88-10-21529-6*$9(OLS)http://pul/number/163353 996 $6082$a701$9(OLS)http://pul/classification/2541 996 $6245$aArte e spiritualitą :$bun'antologia su percorsi di fede e creazione artistica$9(OLS)http://pul/title/205344 996 $6260$aBologna :$bEDB$9(OLS)http://pul/publisher/56073